Normal view
MARC view
Entry Personal Name
001 - CONTROL NUMBER
- control field: 30654
003 - CONTROL NUMBER IDENTIFIER
- control field: dpl
005 - DATE AND TIME OF LATEST TRANSACTION
- control field: 20110801125308.0
008 - FIXED-LENGTH DATA ELEMENTS
- fixed length control field: 110801|||a|||||| | ||| d
040 ## - CATALOGING SOURCE
- Original cataloging agency: dpl
- Transcribing agency: dpl
100 ## - HEADING--PERSONAL NAME
- Personal name: राम गोपाल सिंह
670 ## - SOURCE DATA FOUND
- Source citation: Work cat.: (dpl)22807: एलप्पन, उर्मिला 30652, सहजीवन /, 2008
670 ## - SOURCE DATA FOUND
- Source citation: Work cat.: (dpl)22807: एलप्पन, उर्मिला 30652, सहजीवन /, 2008
